| 000 | 00979nam a2200277Ia 4500 | ||
|---|---|---|---|
| 003 | OSt | ||
| 005 | 20221005104917.0 | ||
| 006 | a|||||r|||| 00| 0 | ||
| 007 | ta | ||
| 008 | 221004b |||||||| |||| 00| 0 snd d | ||
| 020 |
_a8187096543 (hbk) _cIndian Rupees 150 |
||
| 024 | _a44190 | ||
| 037 |
_bGift, 07/06/2019, _cTextual |
||
| 040 |
_aCRL _cCRL _bsnd |
||
| 041 |
_2snd _asnd |
||
| 082 | _aO1593,1x, Q6 | ||
| 100 | _aआडवाणी, कल्याण बूलचंद, ले. | ||
| 245 | 0 | _aशाह जो रसालो | |
| 246 | _aShāh jo rasālo | ||
| 260 |
_aदिल्ली _bसिंधी अकादमी भारत _c2016 |
||
| 300 |
_a445पृ0 _ccm. |
||
| 650 | _a सिन्धी साहित्य | ||
| 650 | _aसिन्धी कविता | ||
| 942 |
_hO1593,1x, Q6 _cTEXL _2cc |
||
| 999 |
_c1014163 _d1014163 |
||